| 000 | 01384nam a2200241 i 4500 | ||
|---|---|---|---|
| 001 | 167046 | ||
| 003 | ES-MaACL | ||
| 005 | 20230906213440.0 | ||
| 008 | 011122s1878 sp f |||| | spa d | ||
| 040 |
_aCAM _bspa _cCAM |
||
| 080 | _a725.8.012.1(460.27 M.) | ||
| 080 | _a94(460.27 M.)"18" | ||
| 100 | 1 |
_aVázquez Brabo, José. _9133842 |
|
| 245 | 1 | 3 |
_aLa granja del Retiro _b: establecimiento científico-recreativo proyectado en el parque de Madrid por Luis Fernández Prestel : objeto, antecedentes, esplicacion [sic] y estado en que se encuentra este proyecto en el Ayuntamiento de Madrid y juicio formulado por la prensa periódica / _cpor José Vázquez Brabo. |
| 246 | 3 | 3 |
_aLa granja del Retiro _b: establecimiento científico-recreativo proyectado en el parque de Madrid por D. Luis Fernández Prestel : objeto, antecedentes, explicación y estado en que se encuentra este proyecto |
| 260 |
_aMadrid : _b[s.n.], _c1878 ( _fImp. y Estereotipia de Álvarez Hermanos) |
||
| 300 |
_a51 p., [1] h. pleg., [1] h. de lám. ; _c22 cm. |
||
| 530 | _aDisponible en formato digital. | ||
| 651 | 4 |
_aEl Retiro (Madrid) _9153793 |
|
| 852 |
_aES-MaACL _jFol-Laf-261 _z-- Rust. _z-- Legado M. de la Fuente |
||
| 852 |
_aES-MaACL _jT-258-F-9 _z- Enc. hol. _z- Enc. en un vol. facticio |
||
| 856 |
_uhttp://bdh-rd.bne.es/viewer.vm?id=0000077989&page=1 _zBiblioteca Digital Hispánica |
||
| 999 |
_c167046 _d167046 |
||